000 00404nam a2200169Ia 4500
005 20140405074249.0
008 140130s9999 xx 000 0 und d
050 _aPZ 7
_b.P75186Ms 2000
245 _cPolacco, Patricia
_aMrs. Mack
260 _bScholastic,
_c1998
300 _a38 p. :
_b col. ill. ;
_c26 cm.
440 _v1
521 _aG4
526 _c610
942 _cBK
_2lcc
999 _c40780
_d40780